Úloha ABC transportérov v rezistencii Trichoderma atroviride voči antifungálne aktívnym zlúčeninám diplomová práce
Salvato in:
| Autore principale: | |
|---|---|
| Natura: | Libro |
| Lingua: | slovacco |
| Pubblicazione: |
Bratislava
STU FCHPT
2014
|
| Accesso online: | Visualizza in OPAC |
| Tags: |
Nessun Tag, puoi essere il primo ad aggiungerne!!
|
MARC
| LEADER | 00000nam a2200000 a 4500 | ||
|---|---|---|---|
| 005 | 20260127134302.0 | ||
| 008 | 140619 2014 000 0 slo d | ||
| 035 | |a vtls010604708 | ||
| 039 | 9 | |y 201406191029 |z mschk03 | |
| 040 | |a STUSCHK1 |b slo |c STUSCHK1 |e AACR2 | ||
| 100 | 1 | |a Ježíková, Zuzana | |
| 245 | 1 | |a Úloha ABC transportérov v rezistencii Trichoderma atroviride voči antifungálne aktívnym zlúčeninám |b diplomová práce |c Zuzana Ježíková | |
| 260 | |a Bratislava |b STU FCHPT |c 2014 | ||
| 300 | |a 78 s. |b il., obr. |c 30 cm | ||
| 500 | |a Obhájené: 10.6.2014 | ||
| 500 | |a Štud. program: biotechnológia | ||
| 500 | |a Štud. odbor: biotechnológie | ||
| 500 | |a Škol. pracovisko: Odd. biochémie a mikrobiológie | ||
| 500 | |a Evid. číslo: FCHPT-5421-69382 | ||
| 910 | |a SCHK95 | ||
| 999 | |c 8796 |d 8796 | ||